| 000 | 00819nam a2200265 i 4500 | ||
|---|---|---|---|
| 003 | DO-SdBNP | ||
| 005 | 20240722133111.0 | ||
| 007 | ta | ||
| 008 | 110413s1990 dr 000 j spa d | ||
| 040 |
_aDO-SdBNP _bspa _cBNPHU _erda |
||
| 082 |
_bE93 _222 |
||
| 100 |
_aCocco, Manuel _eautor _953359 |
||
| 245 | 1 | 0 |
_aEvolución de la educación superior dominicana / _cManuel Cocco |
| 250 | _a10a. edición | ||
| 264 | 1 |
_aSanto Domingo : _bINTEC, _bFundación Friedrich Ebert, _c1990. |
|
| 300 |
_a30 páginas _c21 cm. |
||
| 336 |
_2rdacontent _atexto _btxt |
||
| 337 |
_2rdamedia _asin mediación _bn |
||
| 338 |
_2rdacarrier _avolumen _bnc |
||
| 490 | 1 |
_aPlan educativo _v10 |
|
| 590 | _aInventariado, 2023/ YL | ||
| 710 | 2 |
_aInstituto Tecnológico de Santo Domingo _978911 |
|
| 910 | _aYLockward | ||
| 942 |
_2ddc _cLF2 |
||
| 999 |
_c55594 _d55594 |
||